000 00276nam a2200109Ia 4500
008 220204s9999 xx 000 0 und d
082 _a65(035)
_bLEW
100 _aB T
245 0 _aManagement handbook for plant engineers
260 _aNew York
_bMcGraw Hill
_c1977
942 _cBK
999 _c25624
_d25624